Fyziologie a patologie novorozence /

Po charakteristice fyziologických rysů novorozence a jeho neurologickém vyšetření pojednávají autoři o novorozencích poškozených během těhotenství nebo za porodu, s poruchou adaptace s vrozenými vadami, nízkou porodní váhoua chorobami neinfekčního rázu. Popisují intenzívní péči o poškozené nebo ohro...

Celý popis

Další autoři: Poláček, Karel, 1910-2005
Jazyk: Čeština
Vydáno: Praha : Avicenum, 1981
Vydání: 1. vyd.
Témata:
Externí odkaz: Digitalizovaný dokument
Fyzický popis: 429, [1] s. : obr. a tb. ; 8°
Knihy
Uloženo v:
LEADER 01883nam a22003852a 4500
001 000355114
003 CZ BrMZK
005 20110226100738.0
007 ta
008 010907s1981 xr f cze d
015 |a cnb000132691 
035 |a (OCoLC)14897964 
040 |a ABA001  |b cze  |c ABA001  |d BOA001  |d ABA001 
080 |a 612.648  |2 MRF 
080 |a 616-053.31  |2 MRF 
245 0 0 |a Fyziologie a patologie novorozence /  |c Karel Poláček 
250 |a 1. vyd. 
260 |a Praha :  |b Avicenum,  |c 1981 
300 |a 429, [1] s. :  |b obr. a tb. ;  |c 8° 
500 |a Pozn. 
500 |a Obálka a vazba: Josef Týfa 
500 |a Přehledy lit. 
500 |a Věcný rejstřík 
520 2 |a Po charakteristice fyziologických rysů novorozence a jeho neurologickém vyšetření pojednávají autoři o novorozencích poškozených během těhotenství nebo za porodu, s poruchou adaptace s vrozenými vadami, nízkou porodní váhoua chorobami neinfekčního rázu. Popisují intenzívní péči o poškozené nebo ohrožené novorozence a seznamují s léčbou těchto děti po propuštění z porodnice. 
500 |a Dostupné též v digitální podobě v aplikaci Kramerius 
700 1 |a Poláček, Karel,  |d 1910-2005  |7 jk01100137  |4 aut 
856 4 1 |u http://www.digitalniknihovna.cz/mzk/uuid/uuid:67ee0a50-8c4e-11e6-88c5-005056827e52  |y Digitalizovaný dokument  |x NDK 
910 |a BOA001  |b 2-0837.466  |b PK-0091.754 
920 |a 000042006 
964 |a Novorozenci - fyziologie - příručky 
964 |a Novorozenci - patologie - příručky 
990 |a BK 
996 6 |b 2619750988  |c 2-0837.466  |l MZK  |r Sklad / do 1 hodiny  |n 4  |w 000355114  |u 000020  |a 1  |e BOA001  |j MZK50  |s P 
996 7 |b 2619811342  |c 2-0837.466  |l MZK  |r Sklad / do 1 hodiny  |n 4  |w 000355114  |u 000010  |a 1  |e BOA001  |j MZK50  |s A 
996 7 |b 3119987803  |c PK-0091.754  |l MZK  |r Sklad / do 1 hodiny  |n 4  |w 000355114  |u 000040  |a 1  |e BOA001  |j MZK50  |s A